00826nam a2200181 i 4500001000700000003000900007005001700016008004100033100001900074245022400093260005400317300002200371651004500393651004500438710002900483752004700512852008500559168082ES-MaACL20250831013821.0051010s1871 xxu |||| | eng d1 aYoung, Edward.10aInformation for immigrants b: relative to the prices and rentals of land, the staple products, facilities of access to market, cost of farm stock ... : to which are append ... : in the year 1869-70 / cby Edward Young. aPhiladelphia : bSamuel D. Burlock & Co., c1871. a232 p. ; c23 cm. 4aEstados Unidos-xSituación económica 4aEstados Unidos-xEmigración-vFuentes.2 aBurlock, Samuel D. & Co. aEstados Unidos de América - dFiladelfia aES-MaACLjG-13638 z- Enc. ed. en tela z- Lleva enc. numerosas p. de publicidad